000 00738nam a2200253Ia 4500
003 OSt
005 20220912150222.0
006 a|||||r|||| 00| 0
007 ta
008 220909b |||||||| |||| 00| 0 eng d
024 _a1131
037 _cTextual
040 _aCSL
_beng
_cCSL
041 _aeng
082 _aY173Q2:351, L7;M1
100 _aSarkar Benoy Kumar
245 0 _aFolk-elements in hindu culture: a contibution to socio-religious studies in hindus folk-institutions
260 _aNew Delhi
_b Cosmo
_c1981
300 _axx,312p.
_ccm.
650 _a Religious studies
650 _aSociology
942 _hY173Q2:351, L7;M1
_cTEXL
_2CC
999 _c42303
_d42303